000 01358nam a22002777a 4500
005 20180518150914.0
008 090713t xxu||||| |||| 00| 0 hin d
010 _aHIN-87228 राष्ट्रपति-2 - B-691851
020 _a9788189982980
_c200.00
020 _a9788189982522
_c300.00
035 _aB-691852
037 _bdpl
037 _bआर्य प्रकाशन मंडल
040 _adpl
_bhn
082 _a303.64.
100 _aशान्ता कुमार
245 _aक्रांति अधूरी अधूरी है /
_cशान्ता कुमार
260 _aदिल्ली
_bआर्य प्रकाशन मंडल
_c2016
270 _a24/4855-56, अंसारी रोड , दरियागंज ,
_b नई दिल्ली
_e110002
300 _a199पृ.
_c22सेमी(सजिल्द)
500 _a राष्ट्रपति-2
650 _aऋग्वेद
650 _aRigveda
942 _2ddc
_cHN
_mशान्ता कुमार
_h303.64
999 _c152156
_d152156